Accounting theory /
Accounting theory. Alternative models of accounting. Empirical research in accounting. Accounting regulation and specific issues.
Salvato in:
| Autore principale: | |
|---|---|
| Altri autori: | , |
| Natura: | Libro |
| Lingua: | English |
| Pubblicazione: |
Milton, Qld. :
John Wiley and Sons,
1997.
|
| Edizione: | 3rd ed. |
| Soggetti: | |
| Tags: |
Aggiungi Tag
Nessun Tag, puoi essere il primo ad aggiungerne! !
|
| Thư viện lưu trữ: | Mạng thư viện Đại học Đà Nẵng |
|---|
| LEADER | 01053cam a2200361 i 4500 | ||
|---|---|---|---|
| 001 | 000047528 | ||
| 003 | 7214 | ||
| 005 | 20030312120424.0 | ||
| 008 | 010324|1997 vm 000 eng | ||
| 020 | |a 0471338230 | ||
| 040 | |a IRC |c IRC |d IRC | ||
| 041 | 0 | |a eng | |
| 082 | 1 | 4 | |a 657.044 |b GO-J |
| 100 | 1 | |a Godfrey, Jayne M. |q (Jayne Maree) | |
| 245 | 0 | 0 | |a Accounting theory / |c Jayne Godfrey, Allan Hodgson, Scott Holmes. |
| 250 | |a 3rd ed. | ||
| 260 | |a Milton, Qld. : |b John Wiley and Sons, |c 1997. | ||
| 300 | |a vii, 600 p. ; |c 24.5cm. | ||
| 520 | 3 | |a Accounting theory. Alternative models of accounting. Empirical research in accounting. Accounting regulation and specific issues. | |
| 630 | 0 | 4 | |a Accounting. |
| 650 | 0 | 4 | |a Accounting |z Australia. |
| 700 | 1 | |a Hodgson, Allan. | |
| 700 | 1 | |a Holmes, Scott. | |
| OWN | |a DUT | ||
| 999 | |a From the UDN01 | ||
| TYP | |a Monograph | ||
| TYP | |a Printed language | ||
| 980 | |a Mạng thư viện Đại học Đà Nẵng | ||


